000 00490cam a22001934a 4500
005 20250605164155.0
008 250528s ||||||||||||||||||||||||d
035 _a19547
020 _a153777974
040 _aGR-AtMCL
_bgre
_dGR-AtMCL
_eAACR2
245 1 _aAMERICA: ITS PEOPLE AND VALUES WORKBOOK/TESTS
250 _a2
260 _bHarcourt Brace Jovanovich, Publishers,
_c1979
300 _a75
700 1 _aWood Leonard C
_95767
942 _cBK
999 _c4803
_d4803